000 00522 a2200205 4500
001 113518
020 _a9781422215746 (lib. bdg.)
041 _aeng
082 _a567
245 1 0 _aWhy were dinosaurs scaly?
300 _a32 p.
697 _aChildren's questions and answers.
697 _aQuestions and answers.
697 _aDinosaurs - Miscellanea
856 _u000024/00002416.jpg
040 _aBR-BrIDEA
_cBR-BrIDEA
090 _aYear 2 567
_bWHY
260 _a[s.l.]
_bMason Crest Pub.
_c2009
942 _cBK
999 _c113518
_d113518